000 00829nam a2200241 4500
003 CBULib
005 20250604085114.0
008 250604b |||||||| |||| 00| 0 eng d
020 _a0821318985
040 _aCBULib
_bEnglish
_cCBULib
_erda
041 _aeng
050 _aIBRD(06)PAS/1
110 _94491
_aThe World Bank(IBRD)
245 _aIndustrialized countries' policies affecting foreign direct investment in developing countries
_c/ by The World Bank(IBRD)
260 _aWashington :
_bWorld Bank,
_c1991.
300 _a40 pages
336 _2rdacontent
_aText |
_btxt
337 _2rdamedia
_aUnmediated |
_bn
338 _2rdacarrier
_aVolume
_bnc
650 _aINVESTMENTS, FOREIGN--GOVERNMENT POLICY--CASE STUDIES
650 _aINVESTMENTS, FOREIGN--GOVERNMENT POLICY--DEVELOPING COUNTRIES
942 _2mc
_c029
999 _c86230
_d86230